<?xml version="1.0" encoding="UTF-8"?><?xml-stylesheet type="text/xsl" href="static/style.xsl"?><OAI-PMH xmlns="http://www.openarchives.org/OAI/2.0/" xmlns:xsi="http://www.w3.org/2001/XMLSchema-instance" xsi:schemaLocation="http://www.openarchives.org/OAI/2.0/ http://www.openarchives.org/OAI/2.0/OAI-PMH.xsd"><responseDate>2026-04-17T01:12:33Z</responseDate><request verb="GetRecord" identifier="oai:www.recercat.cat:2117/131571" metadataPrefix="marc">https://recercat.cat/oai/request</request><GetRecord><record><header><identifier>oai:recercat.cat:2117/131571</identifier><datestamp>2025-07-17T10:21:22Z</datestamp><setSpec>com_2072_1033</setSpec><setSpec>col_2072_452950</setSpec></header><metadata><record xmlns="http://www.loc.gov/MARC21/slim" xmlns:dcterms="http://purl.org/dc/terms/" xmlns:xsi="http://www.w3.org/2001/XMLSchema-instance" xmlns:doc="http://www.lyncode.com/xoai" xsi:schemaLocation="http://www.loc.gov/MARC21/slim http://www.loc.gov/standards/marcxml/schema/MARC21slim.xsd">
   <leader>00925njm 22002777a 4500</leader>
   <datafield ind2=" " ind1=" " tag="042">
      <subfield code="a">dc</subfield>
   </datafield>
   <datafield ind2=" " ind1=" " tag="720">
      <subfield code="a">García Planas, María Isabel</subfield>
      <subfield code="e">author</subfield>
   </datafield>
   <datafield ind2=" " ind1=" " tag="720">
      <subfield code="a">Dominguez Garcia, Maria Isabel</subfield>
      <subfield code="e">author</subfield>
   </datafield>
   <datafield ind2=" " ind1=" " tag="260">
      <subfield code="c">2019</subfield>
   </datafield>
   <datafield ind2=" " ind1=" " tag="520">
      <subfield code="a">Entre las competencias clave que la Unión Europea ha definido se encuentran la comunicación en lenguas extranjeras y la matemática. El conjunto de todas estas competencias clave representan una combinación de conocimientos, habilidades y actitudes consideradas necesarias para la realización y el desarrollo personal, la ciudadanía activa, la inclusión social y el empleo. La evaluación juega un papel decisivo en el diagnóstico de la calidad y la relevancia de las competencias adquiridas. El estándar internacional (MCER) que define la competencia lingüística y describe de forma integradora lo que tiene que conocer un estudiante de lengua extranjera con el fin de utilizarla para comunicarse, define los niveles de dominio de la lengua que permiten comprobar el avance del alumno en cada fase del aprendizaje y a lo largo de su vida. Sin embargo, no se ha diseñado un método de evaluación de la competencia de inglés como competencia transversal en las asignaturas de matemáticas en la educación superior, que permita medir la capacidad de los alumnos para aplicar sus conocimientos de la lengua inglesa de forma contextualizada. En este trabajo se analiza la competencia genérica de la lengua inglesa con fines académicos (IFA) y su evaluación. PALABRAS CLAVE: Evaluación, competencia genérica, IFA inglés con fines académicos</subfield>
   </datafield>
   <datafield ind2=" " ind1=" " tag="520">
      <subfield code="a">Postprint (published version)</subfield>
   </datafield>
   <datafield tag="653" ind2=" " ind1=" ">
      <subfield code="a">Àrees temàtiques de la UPC::Ensenyament i aprenentatge::Ensenyament universitari</subfield>
   </datafield>
   <datafield tag="653" ind2=" " ind1=" ">
      <subfield code="a">Àrees temàtiques de la UPC::Matemàtiques i estadística</subfield>
   </datafield>
   <datafield tag="653" ind2=" " ind1=" ">
      <subfield code="a">Evaluación</subfield>
   </datafield>
   <datafield tag="653" ind2=" " ind1=" ">
      <subfield code="a">competencia genérica</subfield>
   </datafield>
   <datafield tag="653" ind2=" " ind1=" ">
      <subfield code="a">IFA inglés con fines académicos</subfield>
   </datafield>
   <datafield tag="653" ind2=" " ind1=" ">
      <subfield code="a">Anglès -- Ensenyament universitari --Avaluació</subfield>
   </datafield>
   <datafield ind2="0" ind1="0" tag="245">
      <subfield code="a">Evaluación del idioma inglés como competencia transversal en las asignaturas de matemáticas en la educación superior</subfield>
   </datafield>
</record></metadata></record></GetRecord></OAI-PMH>